000 00635nam a2200229Ia 4500
003 IIN
005 20240201160130.0
008 231217s9999 xx 000 0 und d
020 _cRs.525.00
_a9789389261875
040 _aIIN
_bEnglish
082 _a610.730693
_bPAN
100 1 _aPandey, Sushma
245 1 _aPrinciples and Procedures of Nursing Foundations
_cSushma Pandey and Atif Muzammil
260 _bCBS
_aNew Delhi
_c2020
300 _axx, 243p.
440 _vVol.2
650 1 _aFoundation
_vNursing
650 1 _aNursing Foundation
650 1 _aProcedures of
_vNursing
700 1 _aMuzammil, Atif
942 _cBOOK
999 _c1305
_d1305